Handbook of computer communications standards (Record no. 15963)

MARC details
000 -LEADER
fixed length control field 00752nam a22001817a 4500
008 - FIXED-LENGTH DATA ELEMENTS--GENERAL INFORMATION
fixed length control field 230328b |||||||| |||| 00| 0 eng d
020 ## - INTERNATIONAL STANDARD BOOK NUMBER
International Standard Book Number 0-672-22664-2
040 ## - CATALOGING SOURCE
Original cataloging agency National Science Library
Transcribing agency National Science Library
080 ## - UNIVERSAL DECIMAL CLASSIFICATION NUMBER
Universal Decimal Classification number D 681.324:006
Item number M7
100 ## - MAIN ENTRY--PERSONAL NAME
Personal name Stallings, William
9 (RLIN) 4703
245 ## - TITLE STATEMENT
Title Handbook of computer communications standards
260 ## - PUBLICATION, DISTRIBUTION, ETC.
Place of publication, distribution, etc. Indianapolis:
Name of publisher, distributor, etc. Howard W Sams & Company,
Date of publication, distribution, etc. 1987
300 ## - PHYSICAL DESCRIPTION
Extent 322p.
500 ## - GENERAL NOTE
Materials specified Vol .1 (The open systems interconnection model and osi related standards): ISBN 0-672-22664-2, 322p.<br/>Vol .2 (Local network standards): ISBN 0-672-22665-0, 244p.<br/>Vol .3 (Department of defense protocol standard): ISBN 0-672-22666-9, 206p.
650 ## - SUBJECT ADDED ENTRY--TOPICAL TERM
Topical term or geographic name entry element LAN
653 ## - INDEX TERM--UNCONTROLLED
Uncontrolled term Computer
942 ## - ADDED ENTRY ELEMENTS (KOHA)
Source of classification or shelving scheme Universal Decimal Classification
Koha item type Books
Holdings
Withdrawn status Lost status Source of classification or shelving scheme Damaged status Not for loan Home library Current library Shelving location Date acquired Serial Enumeration / chronology Total Checkouts Full call number Barcode Date last seen Price effective from Koha item type
    Universal Decimal Classification     National Science Library National Science Library GF/Rk-4/C-14/R-1 06/06/1990 Vol. 1   D 681.324:006 M7 170834 28/03/2023 28/03/2023 Books
    Universal Decimal Classification     National Science Library National Science Library GF/Rk-4/C-14/R-1 06/06/1990 Vol. 3   D 681.324:006 M7 170833 28/03/2023 28/03/2023 Books
    Universal Decimal Classification     National Science Library National Science Library GF/Rk-4/C-14/R-1 06/06/1990 Vol. 2   D 681.324:006 M7 170832 28/03/2023 28/03/2023 Books